Tatsache oder Missverständnis #1 - Statistiken

Allgemein
  • Dieses Quiz wurde 177 mal gespielt
  • Das Durchschnittsergebnis liegt bei 10 aus 15
Antwortstatistiken
Frage Antwort % Korrekt
Schildkröten können länger leben als Menschen Tatsache
100%
Eineiige Zwillinge haben die gleichen Fingerabdrücke Missverständnis
91%
Die meisten Menschen in Mexiko sprechen Spanisch als erste Sprache Tatsache
91%
China hat mehr als 50 % aller olympischen Goldmedaillen im Tischtennis gewonnen Tatsache
91%
David Hasselhoff war einst ein beliebter Sänger in Deutschland Tatsache
82%
Schlangen töten jedes Jahr Tausende von Menschen in Australien Missverständnis
73%
Glückskekse wurden in China erfunden Missverständnis
73%
Island ist kälter als die meisten anderen europäischen Länder Tatsache
73%
Der Mensch entwickelte sich aus dem Schimpansen Missverständnis
68%
Der Walhai ist eine Art der Wale Missverständnis
64%
Dijon-Senf ist nach der Stadt Dijon in Frankreich benannt. Tatsache
64%
Thomas Edison tötete einen Elefanten durch Stromschlag, um die Wechselstromtechnik als unsicher zu diskreditieren Missverständnis
55%
Die Franzosen trinken viel mehr Wein als die Menschen in den meisten anderen Ländern Tatsache
50%
Das Inka-Reich existierte schon vor der spanischen Eroberung Tausende von Jahren. Missverständnis
27%
In der traditionellen chinesischen "Vogelnestsuppe" sind tatsächlich Vogelnester enthalten. Tatsache
18%
Keine übereinstimmenden Quizze gefunden
Verteilung der Resultate
Anzahl Personen mit jedem Resultat
Perzentil nach korrekt beantworteten Fragen
Ihre Resultats-Entwicklung
Sie haben dieses Quiz noch nicht gespielt